=LDR 00000nam 2200000 4500 =001 INLIS000000000037750 =005 20130612143451 =008 ***********************************ind** =035 ##$$0010-061300000037750 =041 ##$$a ind =082 ##$$a 2x6.2 =090 ##$$a 2x6.2, Maw h =100 ##$$a Mamwardi, Imam =245 ##$$a Hukum Tata Negara dan Kepemimpinan dalam Takaran Islam =650 ##$$a Hukum =850 ##$$a NBPNMAT